UM Logo

Intermediate accounting/ (Record no. 4807)

MARC details
000 -LEADER
fixed length control field 00643nam a22001937a 4500
008 - FIXED-LENGTH DATA ELEMENTS--GENERAL INFORMATION
fixed length control field 160924b xxu||||| |||| 00| 0 eng d
020 ## - INTERNATIONAL STANDARD BOOK NUMBER
International Standard Book Number 9812437878
082 ## - DEWEY DECIMAL CLASSIFICATION NUMBER
Edition number 2004
Classification number DC 657.044
Item number St5
100 ## - MAIN ENTRY--PERSONAL NAME
9 (RLIN) 15213
Personal name Stice, Earl K.
245 ## - TITLE STATEMENT
Title Intermediate accounting/
Statement of responsibility, etc. Earl K. Stice, James D. Stice and K. Fred Skousen.
250 ## - EDITION STATEMENT
Edition statement 15th edition
260 ## - PUBLICATION, DISTRIBUTION, ETC. (IMPRINT)
Place of publication, distribution, etc. Australia:
Name of publisher, distributor, etc. Thomson South-Western,
Date of publication, distribution, etc. c2004.
300 ## - PHYSICAL DESCRIPTION
Extent xxxiii, 1324 pages:
Other physical details illustrations;
Dimensions 25 cm.
500 ## - GENERAL NOTE
General note Includes index.
650 #0 - SUBJECT ADDED ENTRY--TOPICAL TERM
9 (RLIN) 15214
Topical term or geographic name as entry element Accounting
700 ## - ADDED ENTRY--PERSONAL NAME
9 (RLIN) 15215
Personal name Stice, James D.
Relator term Author
700 ## - ADDED ENTRY--PERSONAL NAME
9 (RLIN) 15216
Personal name Skousen, K. Fred
Relator term Author
942 ## - ADDED ENTRY ELEMENTS (KOHA)
Source of classification or shelving scheme Dewey Decimal Classification
Koha item type Circulation
Holdings
Withdrawn status Lost status Source of classification or shelving scheme Damaged status Not for loan Collection code Home library Current library Shelving location Date acquired Source of acquisition Total Checkouts Full call number Barcode Date last seen Date last checked out Price effective from Koha item type
    Dewey Decimal Classification     Circulation UM Digos College - LIC UM Digos College - LIC Book Cart 07/02/2004 Donated 3 DC 657.044 St5 2004 17427 05/15/2025 10/08/2018 09/24/2016 Circulation